Restoration Of Water Bodies In Madurai (Record no. 210644)
[ view plain ]
| 000 -LEADER | |
|---|---|
| fixed length control field | 00648nam a22002057a 4500 |
| 005 - DATE AND TIME OF LATEST TRANSACTION | |
| control field | 20250402120426.0 |
| 010 ## - LCCN (DPL NO) | |
| LC control number | ENG-144408 |
| 020 ## - INTERNATIONAL STANDARD BOOK NUMBER | |
| International Standard Book Number | 9789388398435 |
| Terms of availability | 150p. |
| 035 ## - SYSTEM CONTROL NUMBER | |
| System control number | EN-127940 |
| 037 ## - SOURCE OF ACQUISITION | |
| Source of stock number/acquisition | DBAD |
| 082 ## - DEWEY DECIMAL CLASSIFICATION NUMBER | |
| Classification number | 333.9100954 |
| Edition number | 1st |
| 100 ## - MAIN ENTRY--PERSONAL NAME | |
| Personal name | Preethan, B. Raj |
| 245 ## - TITLE STATEMENT | |
| Title | Restoration Of Water Bodies In Madurai |
| Statement of responsibility, etc | B.Raj Preethan |
| Medium | English |
| 250 ## - EDITION STATEMENT | |
| Edition statement | 1st |
| 260 ## - PUBLICATION, DISTRIBUTION, ETC. (IMPRINT) | |
| Place of publication, distribution, etc | Shanlax Publications |
| Date of publication, distribution, etc | 2019 |
| 270 ## - ADDRESS | |
| Address | 61, 66 T.P.K. Main Road, Vasantha Nagar |
| City | Madurai, Tamil Nadu, India |
| Postal code | 625003 |
| 300 ## - PHYSICAL DESCRIPTION | |
| Extent | 68p. |
| Dimensions | 25cm. (Pb) |
| 700 ## - ADDED ENTRY--PERSONAL NAME | |
| Personal name | Joginder Singh |
| 9 (RLIN) | 80043 |
| 942 ## - ADDED ENTRY ELEMENTS (KOHA) | |
| Source of classification or shelving scheme | Dewey Decimal Classification |
| Item type | English Books |
| Classification part | 333.9100954 |
| Call number suffix | PRE |
| Edition | 1st |
| Withdrawn status | Lost status | Not for loan | Collection code | Home library | Current library | Date acquired | Source of acquisition | Cost, normal purchase price | Full call number | Barcode | Copy number | Cost, replacement price | Koha item type |
|---|---|---|---|---|---|---|---|---|---|---|---|---|---|
| Non-fiction | Bawana | Bawana | 02/04/2025 | DBAD | 150.00 | 333.9100954 PRE | EN-127940 | 1 | 150.00 | English Books |
